Statistics for Break Free - Ariana Grande ft. Zedd (All Lyrics)

Click here to take the quiz!

General Stats

  • This quiz has been taken 1,645 times
  • The average score is 272 of 317

Answer Stats

Lyrics% Correct
I
100%
it,
97%
it.
97%
It
97%
it
97%
the
97%
break
96%
free.
96%
This
96%
want
96%
is
95%
ya.
95%
before.
94%
don't
94%
you
94%
You
94%
a
93%
can't
92%
part
92%
say
92%
when
92%
no
91%
I'm
90%
more.
89%
I've
88%
oh
88%
stronger
88%
take
88%
been
87%
If
87%
than
87%
to
87%
'Cause
86%
wanna
86%
resist
82%
On
81%
hear
80%
broken
78%
die
78%
alive.
76%
Never
76%
of
76%
should've
76%
fake
75%
heart.
75%
said
75%
anymore.
74%
hide
74%
only
74%
that
74%
really
73%
who
72%
Now
70%
by
69%
hands
69%
pretend
68%
tonight.
68%
become
67%
lie
66%
was
64%
your
62%
baby.
59%
are.
58%
Tried
58%
deeper.
56%
Like
56%
so
54%
were
54%
better,
53%
every
53%
In
53%
hell.
51%
came
50%
But
49%
my
49%
under
49%
highway
48%
right.
48%
spell.
48%
time,
48%
up
48%
babe.
47%
body,
47%
felt
46%
dreams,
44%
woke
44%
yeah,
44%
Thought
39%
deadly
35%
lethal,
34%
fatal.
33%
fever,
28%

Score Distribution

Percentile by Number Answered

Percent of People with Each Score

Your Score History

You have not taken this quiz